00566nam a2200217Ia 4500003000400000005001700004008004100021020001400062040000700076041001200083082001800095100002600113245006300139250000600202260004300208300003000251365001300281650001200294650001500306700002700321OSt20250715175328.0210423s2005 xx 000 0 und d a812290905 cAL aEnglish a070.41 bPATE aBenton Rain Patterson aEditor in chiefb: a management guide for magazine editors a2 aNew DelhibSurjeeth Publicationsc2005 avii,200p.bPBc22.5x15cm. b225cINR aEditing aJournalism aPatterson, Coleman E P